| 000 | 00345nam a22001337a 4500 | ||
|---|---|---|---|
| 008 | 171017b xxu||||| |||| 00| 0 eng d | ||
| 020 | _a9780130175984 | ||
| 041 | _aeng | ||
| 080 |
_28 ED _a331.101.262 |
||
| 100 | _a52 | ||
| 101 | _aBNJ | ||
| 245 |
_aMANAGMENT ORGANIZATIONAL BEHAVIOR LEADING HUMAN RESOURCE _cHERSEY.P |
||
| 942 |
_2udc _cBK |
||
| 999 |
_c34316 _d34316 |
||